LEADER 00855nam0-22003011i-450- 001 990000706530403321 005 20160420095630.0 035 $a000070653 035 $aFED01000070653 035 $a(Aleph)000070653FED01 035 $a000070653 100 $a20020821d1963----km-y0itay50------ba 101 0 $aita 102 $aIT 105 $aa-------001yy 200 1 $a<>Cappella Pontano$fGiancarlo Alisio 210 $aNapoli$cArte tipografica$d1963 215 $a29 p.$cill.$d28 cm 300 $aEstratto da: Napoli Nobilissima, vol. III, fasc. I, mag.-giug. 1963 676 $a726.6 700 1$aAlisio,$bGiancarlo$f<1930-2005>$010378 801 0$aIT$bUNINA$gRICA$2UNIMARC 901 $aBK 912 $a990000706530403321 952 $aSEZ.NA M 9$b6503/1830$fFARBC 959 $aFARBC 996 $aCappella Pontano$9324097 997 $aUNINA LEADER 01146nam a22002411i 4500 001 991001866759707536 005 20040402143723.0 008 040407s1973 it a||||||||||||||||ita 035 $ab12835225-39ule_inst 035 $aARCHE-081484$9ExL 040 $aDip.to Scienze Storiche$bita$cA.t.i. Arché s.c.r.l. Pandora Sicilia s.r.l. 082 04$a304.6094 100 1 $aAmoruso, Onofrio$0472242 245 10$aAlcune considerazioni geografiche sui primi risultati dell'11. censimento generale italiano della popolazione /$cOnofrio Amoruso 260 $aBari :$bCacucci,$c[1973?] 300 $aP. 424-438 :$bill. ;$c25 cm. 500 $aEstr. da: Annali della Facoltà di economia e commercio dell'Università degli studi di Bari, v. 1 (1973). 907 $a.b12835225$b02-04-14$c16-04-04 912 $a991001866759707536 945 $aLE009 GEOG.MISC. 5/51$g1$i2009000254077$lle009$o-$pE0.00$q-$rn$so $t0$u0$v0$w0$x0$y.i13387832$z16-04-04 996 $aAlcune considerazioni geografiche sui primi risultati dell'11. censimento generale italiano della popolazione$9296719 997 $aUNISALENTO 998 $ale009$b16-04-04$cm$da $e-$fita$git $h0$i1